00974nam a2200229 a 450000100060000000300080000600500170001400800410003102000150007203500190008704000320010604100110013808200320014924502500018126000390043130000280047050400410049865000590053965000600059871000300065871000560068864386BD-RjUL20211209081313.0170214s1988 nyu b i100 0 eng d a9211122473 a(BD-RjUL)64516 aDLCcDLCdDLCdBD-RjULbeng0 aengara00a338.926091724223bTEC 198800aTechnology policies for development and selected issues for action :bproceedings of a seminar organized by Islamic Development Bank and UNCTAD, Jeddah, Saudi Arabia (10 to 17 November 1986) /cUnited Nations Conference on Trade and Development. aNew York :bUnited Nations,c1988. axxvii, 267 p. ;c24 cm. aIncludes bibliographical references. 0aTechnology transferzDeveloping countriesxCongresses. 0aTechnology and statezDeveloping countriesxCongresses.2 aIslamic Development Bank.2 aUnited Nations Conference on Trade and Development.